Top 20 Social Media Plattformen 2024 - Statistiken

Allgemein
  • Dieses Quiz wurde 388 mal gespielt
  • Das Durchschnittsergebnis liegt bei 9 aus 20
Antwortstatistiken
Hint Downloads Antwort % Korrekt
4. 2,04 Mrd Instagram
99%
1. 3,05 Mrd Facebook
95%
6. 1,22 Mrd TikTok
93%
8. 750 Mio Snapchat
89%
2. 2,78 Mrd Whats App
82%
13. 550 Mio X
81%
3. 2,49 Mrd Youtube
77%
7. 800 Mio Telegram
53%
19. 140 Mio Twitch
50%
15. 430 Mio Reddit
40%
18. 154 Mio Discord
32%
14. 465 Mio Pinterest
32%
16. 424 Mio LinkedIn
25%
20. 135 Mio Tumblr
14%
5. 1,32 Mrd WeChat
11%
11. 571 Mio QQ
2%
12. 558 Mio QQ
2%
17. 300 Mio Quora
1%
9. 673 Mio Kuaishou
0%
10. 599 Mio Sina Weibo
0%
Keine übereinstimmenden Quizze gefunden
Verteilung der Resultate
Anzahl Personen mit jedem Resultat
Perzentil nach korrekt beantworteten Fragen
Ihre Resultats-Entwicklung
Sie haben dieses Quiz noch nicht gespielt